00548nam a22001697a 450000500170000001000150001702000260003203500140005803700130007208200150008510000200010024500910012026000490021127000540026030000220031450000420033620190107115240.0 aENG-124631 a9789386473363c795.00 aEN-108163 bDBAD/PUB a346.540134 aKhosla, Tamanna aPersonal laws in india:cby Tamanna Khoslabreconciling diversity with gender justice/ aNew Delhi bVitasta Publishing Pvt Ltdc2019 a2/15, Ansari Road, Daryaganj,bNew Delhi e110002 a336p. c21cm.(Hb) aIt includes conclusion and references